000 00352nam a2200109Ia 4500
008 160531s9999 xx 000 0 und d
100 _aSlabaugh, Michael R.
245 _aOrganic And Biochemistry For Today
245 _cBy:Michael R. Slabaugh, Spencer L. Seager
260 _c2013
856 _uhttp://file.ebook777.com/010/OrgAndBioForTodBySpeL.Sea.pdf
999 _c295433
_d295433